The Incredible Hulk. (Record no. 1439)

MARC details
000 -LEADER
fixed length control field 00518nam a2200193 a 4500
005 - DATE AND TIME OF LATEST TRANSACTION
control field 20260322212100.0
008 - FIXED-LENGTH DATA ELEMENTS--GENERAL INFORMATION
fixed length control field data
020 ## - INTERNATIONAL STANDARD BOOK NUMBER
International Standard Book Number 9780785137146
099 ## - LOCAL FREE-TEXT CALL NUMBER (OCLC)
Classification number LEES
001 - CONTROL NUMBER
control field data
100 1# - MAIN ENTRY--PERSONAL NAME
Personal name Lee, Stan.
245 14 - TITLE STATEMENT
Title The Incredible Hulk.
Statement of responsibility, etc. Stan Lee, Steve Ditko & Jack Kirby.
260 ## - PUBLICATION, DISTRIBUTION, ETC.
Place of publication, distribution, etc. New York
Name of publisher, distributor, etc. Marvel
Date of publication, distribution, etc. 2009.
300 ## - PHYSICAL DESCRIPTION
Extent p. ;
Other physical details cm.
650 #0 - SUBJECT ADDED ENTRY--TOPICAL TERM
Topical term or geographic name entry element Incredible Hulk (Fictitious character)
General subdivision Comic books
650 #0 - SUBJECT ADDED ENTRY--TOPICAL TERM
Topical term or geographic name entry element Science fiction
General subdivision Comic books, strips, etc
700 1# - ADDED ENTRY--PERSONAL NAME
Personal name Ditko, Steve.
700 1# - ADDED ENTRY--PERSONAL NAME
Personal name Kirby, Jack
Holdings
Withdrawn status Lost status Damaged status Not for loan Home library Current library Shelving location Date acquired Total checkouts Full call number Barcode Date last seen Price effective from Koha item type
        Riverside Riverside General stacks 22/03/2026   GEN BC0011486 22/03/2026 22/03/2026 Books